000 00763nam a2200217 a 4500
001 BRCA_7302
005 20190320205802.0
008 090311s1955----sp-a######---#000-0#spa-#
041 _aspa
044 _asp
050 4 _aNK9262
_b.T87 1955
100 1 _aTurmo, Isabel
_914677
245 1 0 _aBordados y bordadores sevillanos
_b(siglos XVI a XVIII)
_cIsabel Turmo.
260 _aMadrid
_bLaboratorio de Arte, Universidad de Sevilla
_c1955
300 _a137 p.
_bil., 86 láminas
_c26 cm.
500 _aIncluye una relación de bordadores por orden alfabético y notas a las láminas
500 _aDonación del Dr. Juan Aguilar Díaz
500 _aEstado físico: encuadernado, enero 2013
650 1 4 _aBordado
_ySiglo XVI-XVIII
_zSevilla
_914678
942 _2lcc
_cB
999 _c6978
_d6978